|
|
|
|
| LEADER |
00000nam a2200000 a 4500 |
| 001 |
vtls009186268 |
| 003 |
SK-MaSNL |
| 005 |
20260301023823.0 |
| 008 |
240318s2007 xo ol f 000 0 slo |
| 015 |
|
|
|a SNBA2008/03-01017
|
| 020 |
|
|
|a 9788096797271
|q (brož.)
|z 8096797204
|
| 035 |
|
|
|a F4644563-FD5C-455B-A8C5-6B006AE07719
|
| 035 |
|
|
|a urn:nbn:sk:snk-amkp5t
|
| 035 |
|
|
|a urn:nbn:sk:snk-am005ell
|
| 040 |
|
|
|a SNK
|b slo
|c SNK
|e AACR2
|
| 041 |
0 |
|
|a slo
|
| 044 |
|
|
|a xo
|c SK
|
| 072 |
|
7 |
|a 502
|x Životné prostredie a jeho ochrana
|2 konspekt
|
| 080 |
|
|
|a 574
|2 2001
|
| 080 |
|
|
|a 332.146:69
|2 2001
|
| 080 |
|
|
|a 502.5
|2 2001
|
| 080 |
|
|
|a 911.37
|2 2001
|
| 080 |
|
|
|a 502.131.1
|2 2001
|
| 080 |
|
|
|a (035)
|2 2001
|
| 100 |
1 |
|
|a Nagy, Eugen,
|d 1965-
|4 aut
|9 293901
|
| 245 |
1 |
0 |
|a Manuál ekologickej výstavby
|b navrhovanie a výstavba trvalo udržateľných ľudských sídiel
|c Eugen Nagy
|
| 250 |
|
|
|a 2. vyd.
|
| 260 |
|
|
|a Medovarce
|b Permakultúra (CS)
|c 2007
|
| 300 |
|
|
|a 225 s.
|b fotogr., sch., tab.
|c 29 cm
|
| 366 |
|
|
|e 1000 výt.
|
| 504 |
|
|
|a Bibliogr. s. 221-225
|
| 650 |
0 |
7 |
|a ekológia
|2 SNKPH
|9 785
|
| 650 |
0 |
7 |
|a výstavba
|2 SNKPH
|9 29373
|
| 650 |
0 |
7 |
|a krajinná ekológia
|2 SNKPH
|9 3811
|
| 650 |
0 |
7 |
|a sídla
|2 SNKPH
|9 4235
|
| 650 |
0 |
7 |
|a trvalo udržateľný rozvoj
|2 SNKPH
|9 3353
|
| 655 |
|
7 |
|a príručky
|2 SNKPH
|9 74364
|
| 919 |
|
|
|a 978-80-967972-7-1
|
| 958 |
|
|
|a NB
|
| 968 |
|
|
|d 50
|
| 999 |
|
|
|c 569931
|d 571861
|
| 952 |
|
|
|a SNK
|b SNK
|y PREZ
|7 0
|p 17A0580690
|o snkSB 75761
|i snk2008/4689
|8 0
|0 0
|1 0
|4 0
|d 2008-02-26
|f 1
|l 0
|r 2025-04-28 00:00:00
|w 2026-02-23
|
| 952 |
|
|
|a SNK
|b SNK
|y VYP
|7 0
|p 17A0580689
|o snkSB 75761 D1
|i snk2008/4691
|8 0
|0 0
|1 0
|4 0
|d 2008-02-26
|l 0
|r 2016-06-30 00:00:00
|w 2026-02-23
|